Central Library OPAC University of Rajshahi
Normal view MARC view

Entry Personal Name

Number of records used in: 3

001 - CONTROL NUMBER

  • control field: 5476

003 - CONTROL NUMBER IDENTIFIER

  • control field: BD-RjUL

005 - DATE AND TIME OF LATEST TRANSACTION

  • control field: 20221025121905.0

008 - FIXED-LENGTH DATA ELEMENTS

  • fixed length control field: 221025|| aca||aabn | a|a d

040 ## - CATALOGING SOURCE

  • Original cataloging agency: BD-RjUL
  • Transcribing agency: BD-RjUL

100 ## - HEADING--PERSONAL NAME

  • Personal name: Ali,M. H

670 ## - SOURCE DATA FOUND

  • Source citation: Work cat.: (BD-RjUL)80618: Ali,M. H. , Economic And Commercial Geography /, 1969